Modern Hindu Law / (Record no. 1320379)

MARC details
000 -LEADER
fixed length control field 00680nam a22002417a 4500
005 - DATE AND TIME OF LATEST TRANSACTION
control field 20250507170852.0
008 - FIXED-LENGTH DATA ELEMENTS--GENERAL INFORMATION
fixed length control field 250507b |||||||| |||| 00| 0 eng d
037 ## - SOURCE OF ACQUISITION
Terms of availability TB
040 ## - CATALOGING SOURCE
Original cataloging agency LCT
Transcribing agency LCT
041 ## - LANGUAGE CODE
Source of code eng
Language code of text/sound track or separate title eng
Language code of original eng
084 ## - COLON CLASSIFICATION NUMBER
Item number Z(Q2) Q17
100 ## - MAIN ENTRY--PERSONAL NAME
Personal name Diwan, Paras
245 ## - TITLE STATEMENT
Title Modern Hindu Law /
250 ## - EDITION STATEMENT
Edition statement 23nd ed.
260 ## - PUBLICATION, DISTRIBUTION, ETC.
Place of publication, distribution, etc. Faridabad, India
Name of publisher, distributor, etc. Allahabad Law Agency,
Date of publication, distribution, etc. 2014
300 ## - PHYSICAL DESCRIPTION
Extent xlviii, 640p.
650 ## - SUBJECT ADDED ENTRY--TOPICAL TERM
Topical term or geographic name entry element Modern Hindu Law
650 ## - SUBJECT ADDED ENTRY--TOPICAL TERM
Source of heading or term Law
650 ## - SUBJECT ADDED ENTRY--TOPICAL TERM
Topical term or geographic name entry element Ancient Indian Law
9 (RLIN) 704619
650 ## - SUBJECT ADDED ENTRY--TOPICAL TERM
Topical term or geographic name entry element history of ancient law
9 (RLIN) 753554
700 ## - ADDED ENTRY--PERSONAL NAME
Personal name Diwan, Peeyushi
942 ## - ADDED ENTRY ELEMENTS (KOHA)
Source of classification or shelving scheme Colon Classification (CC)
Koha item type Textbook
Classification part Z(Q2) Q17
Suppress in OPAC No
Holdings
Withdrawn status Lost status Source of classification or shelving scheme Damaged status Not for loan Collection Home library Current library Date acquired Source of acquisition Cost, normal purchase price Inventory number Total Checkouts Full call number Barcode Date last seen Price effective from Koha item type
    Colon Classification (CC)     Non-fiction Law Centre-II Library Law Centre-II Library 2025-05-07 Prolific Publication 600.00 321/23.01.2018   Z(Q2) Q17 LT0026568 2025-05-07 2025-05-07 Textbook
    Colon Classification (CC)     Non-fiction Law Centre-II Library Law Centre-II Library 2025-05-07 Prolific Publication 600.00 321/23.01.2018   Z(Q2) Q17 LT0026569 2025-05-07 2025-05-07 Textbook
    Colon Classification (CC)     Non-fiction Law Centre-II Library Law Centre-II Library 2025-05-07 Prolific Publication 600.00 321/23.01.2018   Z(Q2) Q17 LT0026570 2025-05-07 2025-05-07 Textbook
    Colon Classification (CC)     Non-fiction Law Centre-II Library Law Centre-II Library 2025-05-07 Prolific Publication 600.00 321/23.01.2018   Z(Q2) Q17 LT0026571 2025-05-07 2025-05-07 Textbook
    Colon Classification (CC)     Non-fiction Law Centre-II Library Law Centre-II Library 2025-05-07 Prolific Publication 600.00 321/23.01.2018   Z(Q2) Q17 LT0026572 2025-05-07 2025-05-07 Textbook
    Colon Classification (CC)     Non-fiction Law Centre-II Library Law Centre-II Library 2025-05-07 Prolific Publication 600.00 321/23.01.2018   Z(Q2) Q17 LT0026573 2025-05-07 2025-05-07 Textbook
    Colon Classification (CC)     Non-fiction Law Centre-II Library Law Centre-II Library 2025-05-07 Prolific Publication 600.00 321/23.01.2018   Z(Q2) Q17 LT0026574 2025-05-07 2025-05-07 Textbook
    Colon Classification (CC)     Non-fiction Law Centre-II Library Law Centre-II Library 2025-05-07 Prolific Publication 600.00 321/23.01.2018   Z(Q2) Q17 LT0026575 2025-05-07 2025-05-07 Textbook
    Colon Classification (CC)     Non-fiction Law Centre-II Library Law Centre-II Library 2025-05-07 Prolific Publication 600.00 321/23.01.2018   Z(Q2) Q17 LT0026576 2025-05-07 2025-05-07 Textbook
    Colon Classification (CC)     Non-fiction Law Centre-II Library Law Centre-II Library 2025-05-07 Prolific Publication 600.00 321/23.01.2018   Z(Q2) Q17 LT0026577 2025-05-07 2025-05-07 Textbook
Copyright @ Delhi University Library System